000 00669nam a2200241 i 4500
001 C2-0295512
003 PPAK
005 20180728074001.0
008 090330s2007 my |||| ||||| | eng d
020 _a9833830250 ; 9789833830251
040 _aPPAK
_beng
_cPPAK
_erda
082 0 4 _a808.51
_223
090 0 0 _a808.51
_bHOL
_dG
100 1 _aHoliday, Micki,
_eauthor
245 1 0 _aSecrets of power presentations
264 1 _aPetaling Jaya, Selangor :
_bAdvantage Quest ,
_c2007
300 _a305 pages ;
_c26 cm
336 _2rdacontent
_atext
337 _2rdamedia
_aunmediated
338 _2rdacarrier
_avolume
650 1 0 _aPublic speaking
942 _ddc
_cB
999 _c100052
_d100052